[Event "CTO. ABSOLUTO DE GIPUZKOA"]
[Site "Azkoitia"]
[Date "2010.11.27"]
[Round "7.10"]
[White "Puga Senar, Fernando"]
[Black "Segovia Sanchez, Antonio"]
[Result "0-1"]
[WhiteElo "1732"]
[BlackElo "1983"]
[PlyCount "132"]
[EventDate "2010.10.16"]

1. d4 Nf6 2. c4 e5 3. e3 Nc6 4. Nc3 d6 5. Be2 Bf5 6. a3 exd4 7. exd4 d5 8. cxd5
Nxd5 9. Nf3 Be7 10. O-O O-O 11. Nxd5 Qxd5 12. Be3 Bf6 13. Rc1 Rad8 14. Rc5 Qxc5
15. dxc5 Rxd1 16. Rxd1 Bxb2 17. Nh4 Be6 18. Rb1 Bf6 19. Nf3 b6 20. Rc1 Bd5 21.
cxb6 cxb6 22. Ne1 Bb2 23. Rd1 Be6 24. Bb5 Ne5 25. a4 Ng4 26. Bg5 h6 27. Bh4 Bf6
28. Bg3 Ne5 29. Rc1 Rc8 30. Rxc8+ Bxc8 31. Nd3 Nxd3 32. Bxd3 Kf8 33. Bb8 a5 34.
Kf1 Bd7 35. Bc2 Bc6 36. Bd6+ Ke8 37. f3 Kd7 38. Ba3 Bd5 39. Ke2 Be5 40. Bf8
Bc4+ 41. Ke3 Kc6 42. g3 b5 43. axb5+ Kxb5 44. Kd2 Bd5 45. f4 Bf6 46. Bd3+ Bc4
47. Bc2 h5 48. f5 Bd4 49. Bd1 g6 50. fxg6 fxg6 51. Bc2 Bf7 52. Be7 Kc4 53. Bd3+
Kb3 54. Bc2+ Kb2 55. Bd8 Bc3+ 56. Kd1 Be8 57. Be7 Bd7 58. Bd3 Bg4+ 59. Be2 Bf5
60. Bc4 a4 61. Ke2 a3 62. Bxa3+ Kxa3 63. Kf3 Be5 64. Bf1 g5 65. h3 g4+ 66. hxg4
hxg4+ 0-1

[Event "CTO. ABSOLUTO DE GIPUZKOA"]
[Site "Azkoitia"]
[Date "2010.11.27"]
[Round "7.11"]
[White "Sanchez Ruesga, Hector"]
[Black "Izagirre Alsua, Aritz"]
[Result "1-0"]
[WhiteElo "1874"]
[BlackElo "1823"]
[PlyCount "95"]
[EventDate "2010.10.16"]

1. d4 Nf6 2. c4 g6 3. Nc3 Bg7 4. g3 O-O 5. Bg2 d6 6. Nf3 Nbd7 7. e4 e5 8. d5
Nc5 9. Qc2 c6 10. Bg5 h6 11. Be3 Na6 12. h3 c5 13. Qd2 Kh7 14. Nh2 Qe7 15. f3
Nc7 16. Ng4 Ng8 17. Nf2 a6 18. Bf1 Bd7 19. h4 b5 20. b3 bxc4 21. bxc4 Rab8 22.
h5 g5 23. Bh3 Bxh3 24. Nxh3 f6 25. O-O Rb4 26. a3 Rb7 27. Rab1 Rfb8 28. Qc2 Qd7
29. Nf2 Na8 30. Rxb7 Rxb7 31. Rb1 Ne7 32. g4 Nc8 33. Nd3 Qc7 34. Bd2 Qb8 35.
Rxb7 Qxb7 36. Qb2 Qc7 37. Nd1 Bf8 38. Ne3 Be7 39. Qb3 Bd8 40. Qa4 Ne7 41. Qxa6
Qb8 42. Qb5 Nb6 43. Qe8 Nbc8 44. Qxd8 Qb3 45. Nc1 Qb2 46. Qa5 Nb6 47. Qc3 Qb1
48. Qb3 1-0

[Event "CTO. ABSOLUTO DE GIPUZKOA"]
[Site "Azkoitia"]
[Date "2010.11.27"]
[Round "7.13"]
[White "Kuende Gorostidi, Jon"]
[Black "Olabe Odriozola, Eduardo"]
[Result "1-0"]
[WhiteElo "1802"]
[BlackElo "1928"]
[PlyCount "49"]
[EventDate "2010.10.16"]

1. e4 e5 2. Nf3 d6 3. d4 exd4 4. Nxd4 Nf6 5. Nc3 Be7 6. Bd3 c6 7. Be3 b5 8. O-O
O-O 9. Nce2 a6 10. Ng3 c5 11. Ndf5 Bxf5 12. Nxf5 c4 13. Be2 Qc7 14. Bf3 Nc6 15.
e5 Nxe5 16. Bxa8 Rxa8 17. Bd4 Re8 18. Re1 Kf8 19. Qd2 h6 20. h3 Nh5 21. Re4 Qc6
22. Rae1 Bg5 23. Qb4 Nf4 24. Qxd6+ Be7 25. Qxe5 1-0

[Event "CTO. ABSOLUTO DE GIPUZKOA"]
[Site "Azkoitia"]
[Date "2010.11.27"]
[Round "7.14"]
[White "Goni Garmendia, Aitor"]
[Black "Zubia Aramburu, Mikel"]
[Result "1/2-1/2"]
[WhiteElo "1806"]
[BlackElo "1834"]
[PlyCount "157"]
[EventDate "2010.10.16"]

1. e4 c6 2. d4 d5 3. exd5 cxd5 4. Bd3 Nc6 5. c3 Nf6 6. Bf4 Qb6 7. Qc2 Bg4 8.
Nd2 e6 9. Ngf3 Be7 10. O-O Rc8 11. Rac1 O-O 12. Qb1 Bxf3 13. Nxf3 Rfd8 14. Ne5
h6 15. Rfe1 Nxe5 16. Bxe5 Ng4 17. Bg3 Bd6 18. f4 Qc7 19. h3 Nf6 20. Bh4 Bxf4
21. Bxf6 gxf6 22. Rc2 f5 23. Qd1 Bg5 24. Qh5 Qg3 25. Qe2 Bf4 26. Rd1 Qh2+ 27.
Kf1 Bg3 28. Qf3 Kg7 29. Ke2 Rg8 30. Rf1 Bh4 31. Kd1 Qg3 32. Re2 Qxf3 33. Rxf3
Kf6 34. g4 Ke7 35. gxf5 Rg1+ 36. Kc2 Bg5 37. fxe6 Rc1+ 38. Kb3 fxe6 39. Rxe6+
Kxe6 40. Bf5+ Kd6 41. Bxc8 b5 42. Ba6 Kc6 43. a4 bxa4+ 44. Ka2 Rc2 45. Bd3 Rh2
46. Ka3 Be7+ 47. b4 a5 48. Kxa4 axb4 49. cxb4 Rb2 50. b5+ Kb6 51. Re3 Rb4+ 52.
Ka3 Rxd4+ 53. Ka2 Bg5 54. Re6+ Ka5 55. Bf1 Kb4 56. Re2 Rd1 57. Rb2+ Ka5 58. Be2
Rc1 59. b6 Bf4 60. b7 Be5 61. Kb3 Kb6 62. Ka3+ Ka7 63. Rb3 Ra1+ 64. Kb4 Bd6+
65. Kc3 Ra4 66. Bb5 Be5+ 67. Kd3 Rh4 68. Bd7 h5 69. Bc8 Ra4 70. Rb5 Rd4+ 71.
Kc2 Bb8 72. Be6 Rh4 73. Ra5+ Kb6 74. Rxd5 Kxb7 75. Kd2 Ra4 76. Rxh5 Bf4+ 77.
Kd3 Kc7 78. Rf5 Kd6 79. Bc4 1/2-1/2